Kolberg vor 75 Jahren
| Titel: | Kolberg vor 75 Jahren |
|---|---|
| Beteiligt: | |
| In: |
Vereinigung Ehemaliger Schüler des Dom- und Real-Gymnasiums zu Kolberg (Ostseebad), Pommern: Mitteilungen der Vereinigung Ehemaliger Schüler des Dom- und Real-Gymnasiums zu Kolberg, Ostseebad, Pommern, Heft 97 (2006), Seite 2743-2750, 8 Abb. alle Artikel anzeigen |
| Veröffentlicht: | 2006 |
| Format: | Aufsatz |
| Sprache: | Deutsch |
X
alg: 39172164 001A $01999:11-11-16 001B $01999:25-04-21 $t10:54:15.000 001C $06050:19-11-16 $t15:08:38.000 001D $01999:11-11-16 001U $0utf8 001X $00 002@ $0Aox 003@ $039172164X 007A $039172164X $aHEB 007T $0Herdc0029117m 010@ $ager 011@ $a2006 021A $aKolberg vor 75 Jahren 028C $aJancke $BBearb. $dPeter 031A $e97 $h2743-2750, 8 Abb. $j2006 039B $aIn $8--Abvc--Vereinigung Ehemaliger Schüler des Dom- und Real-Gymnasiums zu Kolberg (Ostseebad), Pommern [Tb1]. Mitteilungen der Vereinigung Ehemaliger Schüler des Dom- und Real-Gymnasiums zu Kolberg, Ostseebad, Pommern. - Hamburg : [Verlag nicht ermittelbar], 1970-2020 $x200600000000097257 $9054887488 045F $a610.943816 $eDDC23BSB 045F/01 $a610.9 045F/03 $g43816 045T $a7,41 $a8,1 lok: 39172164 78 exp: 39172164 78 1 #EPN 201B/01 $027-06-18 $t23:05:09.000 201U/01 $0utf8 203@/01 $078781637X 208@/01 $a11-11-16 $be 209A/01 $a/ $f000 $x00 220C/01 $aTitelaufnehmer: kk 220C/01 $aHerkunft: HI Marburg 244Z/01 $2Trx $#Pomeranija $#Pommern $#Pomoransko $#Pomořansko $#Hinterpommern;Vorpommern;Mittelpommern $#Pomorze Środkowe;Pomorze Przednie $#Pomořansko;Západní Pomořany; Pomořany $8--Trx--Pomorze Zachodnie $x01 $9391303775 244Z/01 $#Kolberg $75057070-5 $8--Tg1--Kołobrzeg $x02 $9044717024 244Z/01 $aGeschichte 1929-1944 $x03 244Z/01 $2Trx $#kuurortid $#kurortai $#Spa and resort towns $#gyógyüdülöhelyek $#uzdrowiska $#kúpele $#lázně $#Badeorte $#Kurbäder $#Heilbäder $#kúpeľné mestá $8--Trx--Kurorte $x04 $9391356143 244Z/01 $2Trx $#haiglad $#ligoninės $#hospitals $#kórházak $#szpitale $#nemocnice $#nemocnice $#Lazarette $#lazarety wojskowe $#lazarety $#lazarety $8--Trx--Krankenhäuser $x05 $939136328X 244Z/01 $2Trx $#tervishoid $#sveikatos apsauga $#health services $#egészségügy $#zdrowie i służba zdrowia $#zdravotníctvo $#zdravotnictví $#Rotes Kreuz $#Czerwony Krzyż $#służba zdrowia $#Červený kríž $#Červený kříž $8--Trx--Gesundheitswesen $x06 $9391381342 244Z/01 $2Trx $8--Trx--Zeitschriftenaufsatz $x07 $9391384341 245Z/01 $a13.03 $x01 245Z/01 $a09.09 $x02 247C/01 $82080>Marburg/Lahn, Herder-Institut, Forschungsbibliothek, Bibliographieportal $9336309341
| LEADER | 00000caa a22000002c 4500 | ||
|---|---|---|---|
| 001 | 39172164X | ||
| 003 | DE-603 | ||
| 005 | 20210425105415.0 | ||
| 007 | tu | ||
| 008 | 161111s2006 xx |||| | u00||u|ger c | ||
| 035 | |a (DE-599)HEB39172164X | ||
| 040 | |a DE-603 |b ger |c DE-603 |d DE-603 | ||
| 041 | |a ger | ||
| 082 | 0 | 4 | |8 1\u |a 610.943816 |q DE-101 |2 23/BSB |
| 084 | |a 7,41 |a 8,1 |2 ssgn | ||
| 085 | |8 1\u |b 610.9 | ||
| 085 | |8 1\u |z 2 |s 43816 | ||
| 245 | 0 | 0 | |a Kolberg vor 75 Jahren |
| 264 | 0 | |c 2006 | |
| 700 | 1 | |a Jancke, Peter |e Bearb. |4 edt | |
| 773 | 0 | 8 | |i In |a Vereinigung Ehemaliger Schüler des Dom- und Real-Gymnasiums zu Kolberg (Ostseebad), Pommern |t Mitteilungen der Vereinigung Ehemaliger Schüler des Dom- und Real-Gymnasiums zu Kolberg, Ostseebad, Pommern |d Hamburg : [Verlag nicht ermittelbar], 1970-2020 |h 30 cm |g Heft 97 (2006), Seite 2743-2750, 8 Abb. |w (DE-603)054887488 |w (DE-600)1361441-1 |
| 924 | 0 | |9 2080 |a (DE-603)78781637X |b DE-2080 |c HES |d d |g / | |


